[Event "Summertime Unity Tournament"]
[Site "SchemingMind.com"]
[Date "2016.07.21"]
[Round "-"]
[White "kenneth m day"]
[Black "Wojtek26"]
[Result "0-1"]
[WhiteCountry "USA"]
[BlackCountry "POL"]
[WhiteElo "1724"]
[WhiteRD "56"]
[BlackElo "1501"]
[BlackRD "46"]
[GameID "401699"]

1. e4 e5 2. Nf3 Nc6 3. Bc4 Nf6 4. Nc3 Bc5 5. O-O O-O 6. d3 Re8 7. Ng5 Rf8 8. Be3 Bxe3 9. fxe3 h6 10. Nf3 d6
11. Qe2 Bg4 12. Rad1 Na5 13. Bb5 a6 14. Ba4 b5 15. Bb3 Nxb3 16. axb3 c5 17. h3 Bxf3 18. Rxf3 b4 19. Na4 Nd7 20. Rdf1 Qg5
21. Qf2 f6 22. Rg3 Qh5 23. Rg4 Kh8 24. Qg3 Qf7 25. Qh4 Rab8 26. Qg3 Nb6 27. Rf5 Nxa4 28. bxa4 a5 29. b3 Kh7 30. Rh4 g6
31. Rf1 g5 32. Rg4 Qg6 33. h4 h5 34. hxg5 hxg4 35. Qxg4 Qxg5 36. Qd7+ Kh6 37. Qh3+ Kg6 38. Rf3 Rh8 39. Qe6 Rbd8 40. Rf5 Qxe3+
41. Kf1 Rh1#
0-1

[Event "Summertime Unity Tournament"]
[Site "SchemingMind.com"]
[Date "2016.07.21"]
[Round "-"]
[White "Wojtek26"]
[Black "kenneth m day"]
[Result "0-1"]
[WhiteCountry "POL"]
[BlackCountry "USA"]
[WhiteElo "1469"]
[WhiteRD "44"]
[BlackElo "1724"]
[BlackRD "54"]
[GameID "401700"]

1. d4 g6 2. Nf3 Bg7 3. e3 Nf6 4. Bc4 O-O 5. O-O d6 6. h3 c5 7. Nc3 Nc6 8. dxc5 Bf5 9. Nh4 Be6 10. Nf3 Bxc4
11. Re1 dxc5 12. b3 Ba6 13. Bb2 Qc7 14. a4 Rad8 15. Qc1 Rfe8 16. Rd1 Rd6 17. Ne2 Bxe2 18. Rxd6 Qxd6 19. c4 Nb4 20. Ba3 Rd8
21. Bxb4 cxb4 22. Ra2 Qd1+ 23. Qxd1 Rxd1+ 24. Kh2 Bxf3 25. gxf3 Nh5 26. Kg2 Bc3 27. f4 Nf6 28. Re2 Ne4 29. Kf3 Nd2+ 30. Kg2 Nxb3
0-1

[Event "Summertime Unity Tournament"]
[Site "SchemingMind.com"]
[Date "2016.08.01"]
[Round "-"]
[White "Carl Lenox"]
[Black "kenneth m day"]
[Result "0-1"]
[WhiteCountry "CAN"]
[BlackCountry "USA"]
[WhiteElo "1185"]
[WhiteRD "74"]
[BlackElo "1724"]
[BlackRD "56"]
[GameID "402019"]

1. e4 e5 2. Nf3 Nc6 3. Bb5 f5 4. Nc3 fxe4 5. Nxe4 Nf6 6. d3 d6 7. Bg5 Be7 8. O-O O-O 9. Re1 Bd7 10. a3 a6
11. Bc4+ Kh8 12. Nxf6 Bxf6 13. Be3 Bg4 14. Bd5 Qd7 15. b4 Rae8 16. c4 e4 17. dxe4 Bxa1 18. Qxa1 Rf6
0-1

[Event "Summertime Unity Tournament"]
[Site "SchemingMind.com"]
[Date "2016.08.04"]
[Round "-"]
[White "kenneth m day"]
[Black "Carl Lenox"]
[Result "1-0"]
[WhiteCountry "USA"]
[BlackCountry "CAN"]
[WhiteElo "1724"]
[WhiteRD "56"]
[BlackElo "1185"]
[BlackRD "74"]
[GameID "402020"]

1. e4 c5 2. d4 Nf6 3. e5 Nd5 4. Nf3 d6 5. Bc4 Be6 6. O-O a6 7. exd6 Qxd6 8. Bg5 b5 9. dxc5 Qxc5 10. Bd3 g6
11. Nbd2 Bg7 12. Be4 Nc6 13. Re1 Bxb2 14. Rb1 Nc3 15. Nb3 Qa3 16. Bxc6+ Kf8 17. Qd3
1-0

[Event "Summertime Unity Tournament"]
[Site "SchemingMind.com"]
[Date "2016.07.31"]
[Round "-"]
[White "Carl Lenox"]
[Black "Wojtek26"]
[Result "0-1"]
[WhiteCountry "CAN"]
[BlackCountry "POL"]
[WhiteElo "1185"]
[WhiteRD "74"]
[BlackElo "1501"]
[BlackRD "46"]
[GameID "402021"]

1. e4 e5 2. Nf3 Nc6 3. Bb5 d6 4. d4 exd4 5. Qxd4 Bd7 6. Qd5 a6 7. Be2 Nf6 8. Qc4 Be7 9. O-O O-O 10. Qd3 Nb4
11. Qb3 a5 12. Bc4 Qe8 13. a3 Nc6 14. Qd3 Bg4 15. Re1 Bxf3 16. Qxf3 Ne5 17. Qe2 Nxc4 18. Qxc4 Qd7 19. Nc3 c6 20. Qe2 Rfe8
21. e5 dxe5 22. Qxe5 Bd6
0-1

[Event "Summertime Unity Tournament"]
[Site "SchemingMind.com"]
[Date "2016.07.31"]
[Round "-"]
[White "Wojtek26"]
[Black "Carl Lenox"]
[Result "1-0"]
[WhiteCountry "POL"]
[BlackCountry "CAN"]
[WhiteElo "1501"]
[WhiteRD "46"]
[BlackElo "1185"]
[BlackRD "74"]
[GameID "402022"]

1. d4 g6 2. Nf3 a6 3. e4 b5 4. Be2 Nf6 5. e5 Nd5 6. O-O Bg7 7. c4 Nb6 8. cxb5 a5 9. a4 O-O 10. b3 Nd5
11. Bc4 Bb7 12. Ba3 d6 13. exd6 cxd6 14. Bb2 Re8 15. Nbd2 e5 16. dxe5 dxe5 17. Re1 f6 18. Rc1 Kh8 19. Nf1 f5 20. Bxe5 Nb4
21. Bxg7+ Kxg7 22. Rxe8
1-0

[Event "Summertime Unity Tournament"]
[Site "SchemingMind.com"]
[Date "2016.08.05"]
[Round "-"]
[White "Carl Lenox"]
[Black "Scooter"]
[Result "0-1"]
[WhiteCountry "CAN"]
[BlackCountry "USA"]
[WhiteElo "1185"]
[WhiteRD "74"]
[BlackElo "1735"]
[BlackRD "56"]
[GameID "402094"]

1. e4 c6 2. d4 d5 3. e5 Bf5 4. Nf3 e6 5. c4 Bb4+ 6. Bd2 Bxd2+ 7. Nbxd2 Ne7 8. c5 h6 9. h3 Nd7 10. Nh4 Qa5
11. a3 O-O 12. b4 Qc7 13. Nxf5 Nxf5 14. Bd3 Nxd4 15. f4 Nxe5 16. fxe5 Qxe5+ 17. Kf2 Qf4+ 18. Kg1 Qe3+ 19. Kh2 Qxd3 20. Re1 Qg6
21. Qg4 Qxg4 22. hxg4 Rfe8 23. Rac1 e5
0-1

[Event "Summertime Unity Tournament"]
[Site "SchemingMind.com"]
[Date "2016.08.05"]
[Round "-"]
[White "Scooter"]
[Black "Carl Lenox"]
[Result "1-0"]
[WhiteCountry "USA"]
[BlackCountry "CAN"]
[WhiteElo "1777"]
[WhiteRD "56"]
[BlackElo "1337"]
[BlackRD "98"]
[GameID "402095"]

1. d4 g6 2. Nf3 Nf6 3. Bf4 Bg7 4. e3 a6 5. Be2 b5 6. O-O O-O 7. Nbd2 d5 8. b3 Nbd7 9. h3 Bb7 10. c4 b4
11. cxd5 Nxd5 12. Bg3 Nc3 13. Qe1 Nxe2+ 14. Qxe2 Nb6 15. Rac1 c6 16. Nc4 Re8 17. Nxb6 Qxb6 18. Ne5 Rad8 19. Rc5 f6 20. Nc4 Qc7
21. Bxc7
1-0

[Event "Summertime Unity Tournament"]
[Site "SchemingMind.com"]
[Date "2016.08.01"]
[Round "-"]
[White "Scooter"]
[Black "kenneth m day"]
[Result "0-1"]
[WhiteCountry "USA"]
[BlackCountry "USA"]
[WhiteElo "1777"]
[WhiteRD "56"]
[BlackElo "1724"]
[BlackRD "54"]
[GameID "402096"]

1. d4 d5 2. Nf3 Nf6 3. Bf4 Bf5 4. e3 e6 5. Bd3 Ne4 6. Bxe4 dxe4 7. Nfd2 Bb4 8. c3 Ba5 9. O-O Nd7 10. Nb3 Bb6
11. N1d2 O-O 12. c4 a6 13. c5 Ba7 14. Qc2 Rc8 15. Nxe4 Re8 16. Nbd2 b6 17. b4 bxc5 18. bxc5 Nf6 19. Nxf6+ Qxf6 20. Qa4 Bd3
21. Rfe1 Qg6 22. Nc4 Be4 23. g3 Bb7 24. Bxc7 Qe4 25. Kf1 Bc6 26. Qxa6 Rxc7 27. Nd6 Qg2+ 28. Ke2 Rb8 29. Rab1 Qf3+ 30. Kf1 Rxb1
31. Rxb1 Qh1+
0-1

[Event "Summertime Unity Tournament"]
[Site "SchemingMind.com"]
[Date "2016.08.02"]
[Round "-"]
[White "kenneth m day"]
[Black "Scooter"]
[Result "0-1"]
[WhiteCountry "USA"]
[BlackCountry "USA"]
[WhiteElo "1724"]
[WhiteRD "54"]
[BlackElo "1777"]
[BlackRD "56"]
[GameID "402097"]

1. e4 c6 2. c4 d5 3. cxd5 cxd5 4. exd5 Qxd5 5. Nc3 Qd8 6. d4 Nf6 7. Bc4 a6 8. Nf3 Bg4 9. O-O e6 10. Bg5 Be7
11. Qd3 Bxf3 12. Qxf3 Nc6 13. Rad1 O-O 14. Be3 Na5 15. Bd3 b5 16. Qh3 g6 17. Rfe1 Nd5 18. Bh6 Re8 19. Re4 Nxc3 20. bxc3 Nc4
21. Rg4 Nb2 22. Rd2 Nxd3 23. Rxd3 Rc8 24. Bf4 Bf6 25. Rf3 e5 26. Bxe5 Bxe5 27. Rxf7 Bg7 28. f3 Kxf7 29. Rf4+ Kg8
0-1

[Event "Summertime Unity Tournament"]
[Site "SchemingMind.com"]
[Date "2016.08.01"]
[Round "-"]
[White "Scooter"]
[Black "Wojtek26"]
[Result "1/2-1/2"]
[WhiteCountry "USA"]
[BlackCountry "POL"]
[WhiteElo "1777"]
[WhiteRD "56"]
[BlackElo "1469"]
[BlackRD "44"]
[GameID "402098"]

1. d4 Nf6 2. Nf3 e6 3. Bg5 Be7 4. e3 O-O 5. Be2 h6 6. Bxf6 Bxf6 7. O-O Nc6 8. Nbd2 d5 9. c4 dxc4 10. Nxc4 Qe7
11. a3 a6 12. b4 b5 13. Nce5 Qe8 14. Nxc6 Qxc6 15. Rc1 Qd6 16. Rc5 Be7 17. Qc2 Ra7 18. Rc6 Qd7 19. Ne5 Qd8 20. Rc1 Bd6
21. Nd3 Bb7 22. Rc3 Qg5 23. Bf1 Qh4 24. g3 Qe4 25. f3 Qxe3+ 26. Qf2 Qxf3 27. Qxf3 Bxf3 28. Ne5 Bxe5 29. dxe5 Bd5 30. Rxc7 Rxc7
31. Rxc7 g6 32. Ra7 Ra8 33. Rc7 Kf8 34. Bg2 Bxg2 35. Kxg2 Ke8 36. Kf3 Rd8 37. Ke3 Ra8 38. h3 Kf8 39. h4 h5 40. Kf4 Rd8
41. Ra7 Rd4+ 42. Ke3 Rg4 43. Kf3 Rc4 44. Rxa6 Rc3+ 45. Kf4 Rc4+ 46. Kg5 Rc3 47. Kf6 Rf3+ 48. Kg5 Rxg3+ 49. Kh6 Rg4 50. Ra8+ Ke7
51. Kg7 Rf4 52. Rb8 Rxh4 53. Rxb5 Rc4 54. Rb7+ Ke8 55. Rxf7 h4 56. Rf8+ Ke7 57. Rf7+ Ke8 58. Rf6 h3 59. Rxg6 Rh4 60. Rxe6+ Kd7
61. Rd6+ Ke7 62. Rd1 Ke6 63. b5 h2 64. Rh1 Kxe5 65. b6 Kd6 66. b7 Rg4+ 67. Kf6 Kc7 68. Rb1 Rg8 69. Rh1 Rh8= 70. Kg7 Rb8
71. Rxh2 Rxb7 72. Kf6 Kd6 73. Rd2+ Kc7 74. Ke6 Rb3 75. Ra2 Kb6 76. Kd5 Rb5+ 77. Kc4 Rc5+ 78. Kd4 Rb5 79. a4 Rb4+ 80. Kc3 Ka5
81. Ra3=
1/2-1/2

[Event "Summertime Unity Tournament"]
[Site "SchemingMind.com"]
[Date "2016.08.02"]
[Round "-"]
[White "Wojtek26"]
[Black "Scooter"]
[Result "0-1"]
[WhiteCountry "POL"]
[BlackCountry "USA"]
[WhiteElo "1571"]
[WhiteRD "51"]
[BlackElo "1738"]
[BlackRD "54"]
[GameID "402099"]

1. d4 d5 2. c4 Nf6 3. e3 g6 4. Nf3 Bg4 5. c5 c6 6. Be2 Bg7 7. h3 Bxf3 8. Bxf3 O-O 9. O-O Nbd7 10. Nc3 e5
11. dxe5 Nxe5 12. Rb1 Nxf3+ 13. Qxf3 Re8 14. b3 Ne4 15. Nxe4 Rxe4 16. Bb2 Qe7 17. Bxg7 Kxg7 18. a3 Qxc5 19. b4 Qc3 20. Ra1 Rae8
21. Qe2 d4 22. Qe1 Qxe1 23. Rfxe1 dxe3 24. Rxe3 Rxe3 25. fxe3 Rxe3 26. Kf2 Re6 27. Rd1 Re7 28. g4 g5 29. Kf3 Kg6 30. Rd6+ f6
31. Rd8 h5 32. gxh5+ Kxh5 33. Rh8+ Kg6 34. Ra8 a6 35. Rg8+ Rg7 36. Rd8 Re7 37. Rd3 f5 38. Rd6+ Kh5 39. Rd4 f4 40. Rd3 Kh4
41. Kf2 Re3
0-1

[Event "Summertime Unity Tournament"]
[Site "SchemingMind.com"]
[Date "2016.08.10"]
[Round "-"]
[White "Carl Lenox"]
[Black "emvarela"]
[Result "0-1"]
[WhiteCountry "CAN"]
[BlackCountry "ARG"]
[WhiteElo "1183"]
[WhiteRD "73"]
[BlackElo "1710"]
[BlackRD "54"]
[GameID "402259"]

1. e4 e5 2. Nf3 Nc6 3. Bb5 a6 4. Ba4 Nf6 5. d3 b5 6. Bb3 h6 7. O-O Bb7 8. Re1 d6 9. c4 bxc4 10. Bxc4 Be7
11. a3 O-O 12. b4 d5 13. exd5 Nxd5 14. Nxe5 Nxe5 15. Bb3 Bd6 16. d4 Ng6 17. Nd2 Ndf4 18. f3 Nxg2 19. Kxg2 Qg5+ 20. Kf2 Qh4+
21. Ke3 Rfe8+ 22. Ne4 Bxe4 23. fxe4 Rxe4+
0-1

[Event "Summertime Unity Tournament"]
[Site "SchemingMind.com"]
[Date "2016.08.05"]
[Round "-"]
[White "emvarela"]
[Black "Scooter"]
[Result "0-1"]
[WhiteCountry "ARG"]
[BlackCountry "USA"]
[WhiteElo "1719"]
[WhiteRD "51"]
[BlackElo "1693"]
[BlackRD "56"]
[GameID "402261"]

1. e4 c6 2. d4 d5 3. exd5 cxd5 4. Nf3 Bg4 5. h3 Bxf3 6. Qxf3 Nf6 7. Nc3 e6 8. Bg5 Be7 9. Bxf6 Bxf6 10. Bb5+ Nc6
11. Qd3 O-O 12. Bxc6 bxc6 13. Rd1 Rb8 14. b3 Re8 15. O-O Qc7 16. Ne2 c5 17. dxc5 Qxc5 18. c4 dxc4 19. Qxc4 Qxc4 20. bxc4 Rb2
21. Ng3 Rxa2 22. Ne4 Be5 23. Nc5 g6 24. Rfe1 Bc3 25. Re3 Ba5 26. Ne4 Bb6 27. c5 Bd8 28. Red3 Be7 29. c6 Rc8 30. Rd7 Kf8
31. c7 Ke8 32. Nc3 Rc2 33. Nb5 a6 34. Nd4 R2xc7 35. Rxc7 Rxc7 36. Nb3 Rb7 37. Na5 Rb5 38. Nc6 a5 39. g4 a4 40. Ra1 Rb3
41. Rxa4 Rxh3 42. Ra8+ Kd7 43. Ne5+ Kd6 44. Nxf7+ Kd5 45. Ra5+ Ke4 46. Re5+ Kf4 47. Kg2 Rc3 48. Rxe6 Bh4 49. Nd6 Kxg4 50. Re4+ Kh5
51. Re5+ g5 52. Ne4 Rc2 53. Nf6+ Kg6 54. Ng4 h5 55. Re6+ Kf7 56. Rf6+ Kg7
0-1

[Event "Summertime Unity Tournament"]
[Site "SchemingMind.com"]
[Date "2016.08.05"]
[Round "-"]
[White "Scooter"]
[Black "emvarela"]
[Result "1/2-1/2"]
[WhiteCountry "USA"]
[BlackCountry "ARG"]
[WhiteElo "1693"]
[WhiteRD "56"]
[BlackElo "1719"]
[BlackRD "51"]
[GameID "402262"]

1. d4 Nf6 2. Nf3 g6 3. Bf4 Bg7 4. e3 O-O 5. Be2 d6 6. O-O c5 7. c3 cxd4 8. cxd4 Nbd7 9. Nc3 a6 10. h3 b5
11. Rc1 Bb7 12. b4 Rc8 13. a4 bxa4 14. Nxa4 Nd5 15. Qb3 Nxf4 16. exf4 Nb6 17. Nxb6 Qxb6 18. d5 Rxc1 19. Rxc1 Rc8 20. Rxc8+ Bxc8
21. Qc4 Bb7 22. Bf1 h6 23. g3 a5 24. bxa5 Qxa5 25. Bg2 Bxd5 26. Qc8+ Kh7 27. Qc2 Bxf3 28. Bxf3 Qf5 29. Qxf5 gxf5 30. Bh5 Kg8
31. Kg2 Bd4 32. Kf3 f6 33. g4 fxg4+ 34. hxg4 Kg7 35. Ke2 e6 36. f3 e5 37. fxe5 fxe5 38. Kd3 Kf6 39. Ke4 Ke6 40. Bg6 d5+
41. Kd3 Kf6 42. Bh5 Bf2 43. Ke2 Bg3 44. Be8 Kg5 45. Bc6 d4 46. Kd3 h5 47. gxh5 Kxh5 48. Be4=
1/2-1/2

[Event "Summertime Unity Tournament"]
[Site "SchemingMind.com"]
[Date "2016.08.05"]
[Round "-"]
[White "emvarela"]
[Black "kenneth m day"]
[Result "0-1"]
[WhiteCountry "ARG"]
[BlackCountry "USA"]
[WhiteElo "1719"]
[WhiteRD "51"]
[BlackElo "1705"]
[BlackRD "56"]
[GameID "402263"]

1. e4 e5 2. Nf3 Nc6 3. Bb5 d6 4. d4 exd4 5. Qxd4 Bd7 6. Bxc6 Bxc6 7. Nc3 Nf6 8. Bg5 Be7 9. O-O-O O-O 10. h4 h6
11. Bxf6 Bxf6 12. Qd3 Re8 13. g4 Qd7 14. g5 Be5 15. Nxe5 Rxe5 16. f4 Rc5 17. gxh6 gxh6 18. Rhg1+ Kf8 19. Qd4 Re8 20. Qg7+ Ke7
21. Nd5+ Bxd5 22. exd5 Qf5 23. Rge1+ Kd7 24. c3 Qxf4+ 25. Kc2 Rxe1 26. Rxe1 Qf2+
0-1

[Event "Summertime Unity Tournament"]
[Site "SchemingMind.com"]
[Date "2016.08.05"]
[Round "-"]
[White "kenneth m day"]
[Black "emvarela"]
[Result "1/2-1/2"]
[WhiteCountry "USA"]
[BlackCountry "ARG"]
[WhiteElo "1711"]
[WhiteRD "58"]
[BlackElo "1712"]
[BlackRD "55"]
[GameID "402264"]

1. e4 e5 2. Nf3 Nc6 3. c3 d5 4. Qa4 Bd7 5. exd5 Nd4 6. Qd1 Nxf3+ 7. Qxf3 Qf6 8. Be2 Bd6 9. O-O Qxf3 10. Bxf3 f5
11. d3 Nf6 12. Bg5 h6 13. Bxf6 gxf6 14. Bh5+ Ke7 15. Nd2 Rhg8 16. Rfe1 Rg5 17. Bf3 Rag8 18. Re2 c6 19. Rae1 cxd5 20. Bxd5 Bc6
21. Bxc6 bxc6 22. f3 Kf7 23. Nc4 Bc5+ 24. Kh1 f4 25. Na5 Bb6 26. Nxc6 a5 27. d4 Bc7 28. dxe5 fxe5 29. Rd1 Kf6 30. Rd7 R5g7
31. Red2 Ke6 32. Rxg7 Rxg7 33. Na7 Bb6 34. Nb5 Rd7 35. Rxd7 Kxd7 36. g3 fxg3 37. Na3 gxh2 38. Kxh2 Kc6 39. Nc4 Bc7 40. Kh3 Kd5
41. Nd2 Bd8 42. Kg4 Bg5 43. Ne4 Bf4 44. Nf2 a4 45. Kh5 Kc4 46. Nh3 Bc1 47. Kg6 Bxb2 48. Kxh6 Bxc3 49. Nf2 Kb4 50. Ne4 Bd4
51. Kg5 Ka3 52. Kf5 Kxa2 53. f4 exf4 54. Kxf4 Kb3 55. Nd2+ Kc2 56. Nc4 Bc3 57. Ke4 Kb3 58. Kd3 a3 59. Nxa3 Kxa3
1/2-1/2

[Event "Summertime Unity Tournament"]
[Site "SchemingMind.com"]
[Date "2016.08.05"]
[Round "-"]
[White "emvarela"]
[Black "Wojtek26"]
[Result "1-0"]
[WhiteCountry "ARG"]
[BlackCountry "POL"]
[WhiteElo "1712"]
[WhiteRD "48"]
[BlackElo "1469"]
[BlackRD "44"]
[GameID "402265"]

1. e4 e5 2. Nf3 Nc6 3. Bb5 Nge7 4. O-O g6 5. c3 Bg7 6. Bxc6 Nxc6 7. d3 O-O 8. Be3 d6 9. d4 exd4 10. Nxd4 Nxd4
11. Bxd4
1-0

[Event "Summertime Unity Tournament"]
[Site "SchemingMind.com"]
[Date "2016.08.05"]
[Round "-"]
[White "Wojtek26"]
[Black "emvarela"]
[Result "0-1"]
[WhiteCountry "POL"]
[BlackCountry "ARG"]
[WhiteElo "1469"]
[WhiteRD "44"]
[BlackElo "1712"]
[BlackRD "48"]
[GameID "402266"]

1. d4 Nf6 2. Nf3 g6 3. e3 Bg7 4. Bc4 O-O 5. O-O d6 6. h3 c5 7. Nc3 a6 8. Qe2 cxd4 9. Nxd4 Nc6 10. Nxc6 bxc6
11. Qf3 d5 12. Bd3 e5 13. e4 dxe4
0-1

[Event "Summertime Unity Tournament"]
[Site "SchemingMind.com"]
[Date "2016.08.16"]
[Round "-"]
[White "Carl Lenox"]
[Black "ray winteringham"]
[Result "0-1"]
[WhiteCountry "CAN"]
[BlackCountry "ENG"]
[WhiteElo "1185"]
[WhiteRD "74"]
[BlackElo "1492"]
[BlackRD "50"]
[GameID "402511"]

1. e4 e5 2. Nf3 b6 3. Nxe5 Qe7 4. d4 f6 5. Qh5+ g6 6. Qd1 fxe5 7. a3 exd4 8. Qxd4 Qf6 9. e5 Qe6 10. b4 Nc6
11. Qe3 Bg7 12. f4 Nge7 13. g3 O-O 14. Bg2 Rb8 15. O-O d6 16. Qc3 dxe5
0-1

[Event "Summertime Unity Tournament"]
[Site "SchemingMind.com"]
[Date "2016.08.16"]
[Round "-"]
[White "ray winteringham"]
[Black "Carl Lenox"]
[Result "1-0"]
[WhiteCountry "ENG"]
[BlackCountry "CAN"]
[WhiteElo "1492"]
[WhiteRD "50"]
[BlackElo "1185"]
[BlackRD "74"]
[GameID "402512"]

1. e4 c5 2. Nf3 g6 3. Bc4 Nc6 4. O-O e6 5. d3 Bg7 6. c3 a6 7. Be3 d6 8. Nbd2 b5 9. Bb3 b4 10. Qc2 Nf6
11. a3 O-O 12. h3 a5 13. Ba4 Bb7 14. Bb3
1-0

[Event "Summertime Unity Tournament"]
[Site "SchemingMind.com"]
[Date "2016.08.13"]
[Round "-"]
[White "emvarela"]
[Black "ray winteringham"]
[Result "1-0"]
[WhiteCountry "ARG"]
[BlackCountry "ENG"]
[WhiteElo "1728"]
[WhiteRD "49"]
[BlackElo "1492"]
[BlackRD "50"]
[GameID "402513"]

1. e4 e5 2. Nf3 Nc6 3. Bb5 d6 4. d4 f6 5. d5 a6 6. Bxc6+ bxc6 7. dxc6 Be7 8. Qd5 f5 9. Nc3 Nf6 10. Qd3 f4
11. h3 O-O 12. Nd5 a5 13. O-O a4 14. b3 axb3 15. Nxe7+ Qxe7 16. Qxb3+ Be6 17. c4 Nxe4 18. Re1 Nc5 19. Qc3 Ra6 20. Nxe5 dxe5
21. Rxe5 g5 22. Ba3 Rxa3 23. Qxa3 Rf5 24. Rae1 Rxe5 25. Rxe5 Qf6 26. Qxc5 Bxc4 27. Qxc4+
1-0

[Event "Summertime Unity Tournament"]
[Site "SchemingMind.com"]
[Date "2016.08.13"]
[Round "-"]
[White "ray winteringham"]
[Black "emvarela"]
[Result "1/2-1/2"]
[WhiteCountry "ENG"]
[BlackCountry "ARG"]
[WhiteElo "1470"]
[WhiteRD "52"]
[BlackElo "1719"]
[BlackRD "51"]
[GameID "402514"]

1. e4 e5 2. Nf3 Nc6 3. Bb5 a6 4. Ba4 Nf6 5. d3 b5 6. Bb3 h6 7. O-O Bc5 8. Be3 Bxe3 9. fxe3 d6 10. h3 Qe7
11. Nbd2 Be6 12. c3 Bxb3 13. Nxb3 d5 14. exd5 Nxd5 15. Qd2 O-O 16. e4 Nf4 17. Nxe5 Nxh3+ 18. gxh3 Qxe5 19. Rf5 Qg3+ 20. Qg2 Qxg2+
21. Kxg2 Rfd8 22. Raf1 f6 23. Nc5 Ne5 24. d4 Ng6 25. R5f2 Ne7 26. a3 Rd6 27. Nd3 Re8 28. Nc5 Ng6 29. Kg1 Rf8 30. Kh2 a5
31. Kg3 Ne7 32. e5 Rc6 33. b4 axb4 34. axb4 Nd5 35. Rf3 f5 36. Rxf5 Rxf5 37. Rxf5 Rg6+ 38. Kf3 Nxc3 39. e6 Rf6 40. Rxf6 gxf6
41. Nd7 Nd5 42. Ke4 Nxb4 43. Nxf6+ Kf8 44. Nd5 Nxd5 45. Kxd5 Ke7 46. Kc5 b4 47. Kxb4 Kxe6 48. Kc5 Kd7 49. d5=
1/2-1/2

[Event "Summertime Unity Tournament"]
[Site "SchemingMind.com"]
[Date "2016.08.12"]
[Round "-"]
[White "Scooter"]
[Black "ray winteringham"]
[Result "1-0"]
[WhiteCountry "USA"]
[BlackCountry "ENG"]
[WhiteElo "1738"]
[WhiteRD "54"]
[BlackElo "1490"]
[BlackRD "52"]
[GameID "402515"]

1. d4 d5 2. Nf3 Nf6 3. Bf4 Bf5 4. e3 h6 5. Be2 c6 6. O-O e6 7. h3 Bd6 8. Bxd6 Qxd6 9. c3 Nbd7 10. Nbd2 O-O
11. c4 b6 12. cxd5 exd5 13. a3 a5 14. Rc1 c5 15. dxc5 bxc5 16. Bb5 Be6 17. Bxd7 Qxd7 18. Rxc5 Bxh3 19. gxh3 Qxh3 20. Nh2 Rfe8
21. Qf3 Qd7 22. Rfc1 Re5 23. Rc7 Qe6 24. R1c6 Qf5 25. Qxf5 Rxf5 26. Rc8+ Rxc8 27. Rxc8+ Kh7 28. Rc5 a4 29. Nhf3 h5 30. e4 Rxf3
31. Nxf3 Nxe4 32. Rxd5 g6 33. Ng5+ Nxg5 34. Rxg5
1-0

[Event "Summertime Unity Tournament"]
[Site "SchemingMind.com"]
[Date "2016.08.12"]
[Round "-"]
[White "ray winteringham"]
[Black "Scooter"]
[Result "0-1"]
[WhiteCountry "ENG"]
[BlackCountry "USA"]
[WhiteElo "1490"]
[WhiteRD "52"]
[BlackElo "1738"]
[BlackRD "54"]
[GameID "402516"]

1. e4 c6 2. Nf3 d5 3. exd5 cxd5 4. d4 Bg4 5. Be2 Nd7 6. Bf4 Ngf6 7. h3 Bxf3 8. Bxf3 e6 9. O-O Be7 10. b3 O-O
11. c4 dxc4 12. Bxb7 cxb3 13. axb3 Nd5 14. Bg3 N7f6 15. Bxa8 Qxa8 16. Qf3 Rc8 17. Nd2 Rc3 18. Qd1 Rd3 19. Qc2 Nb4 20. Qb2 Nfd5
21. Rfc1 Bf6 22. Rxa7 Qd8 23. Rca1 Nb6 24. Bc7 Bxd4 25. Qxd4 Rxd4 26. Bxb6 Qxb6 27. Re7 g6 28. Nc4 Qd8 29. Raa7 Nc6
0-1

[Event "Summertime Unity Tournament"]
[Site "SchemingMind.com"]
[Date "2016.08.12"]
[Round "-"]
[White "kenneth m day"]
[Black "ray winteringham"]
[Result "0-1"]
[WhiteCountry "USA"]
[BlackCountry "ENG"]
[WhiteElo "1724"]
[WhiteRD "54"]
[BlackElo "1507"]
[BlackRD "49"]
[GameID "402517"]

1. e4 e5 2. Nf3 Nc6 3. c3 Bc5 4. d4 exd4 5. cxd4 Bb6 6. d5 Nce7 7. Bg5 h6 8. Bh4 g5 9. Bg3 d6 10. Nc3 Bd7
11. Be2 f5 12. exf5 Nxf5 13. Ne4 Nf6 14. Qc2 O-O 15. Rd1 Nxe4 16. Qxe4 Qf6 17. Qc2 Nxg3 18. hxg3 Kg7 19. Qc3 Rf7 20. Rd3 Raf8
21. Rf1 Bg4 22. Nh2 Qxc3+ 23. Rxc3 Bxe2 24. Kxe2 Re8+ 25. Kd1 Rxf2 26. Rc2 Rxc2 27. Kxc2 Re2+ 28. Kc3 Rxg2 29. Nf3 Rxg3 30. Kb3 g4
0-1

[Event "Summertime Unity Tournament"]
[Site "SchemingMind.com"]
[Date "2016.08.12"]
[Round "-"]
[White "ray winteringham"]
[Black "kenneth m day"]
[Result "1-0"]
[WhiteCountry "ENG"]
[BlackCountry "USA"]
[WhiteElo "1492"]
[WhiteRD "50"]
[BlackElo "1724"]
[BlackRD "56"]
[GameID "402518"]

1. e4 e5 2. Nf3 Nc6 3. Bc4 Bc5 4. O-O Nf6 5. d3 O-O 6. Bd2 a6 7. Bc3 d6 8. Nbd2 Bg4 9. h3 Bh5 10. Qe1 h6
11. a3 Ba7 12. b4 Nd4 13. Nxd4 Bxd4 14. Bxd4 exd4 15. g4 Bg6 16. f4 Qd7 17. f5 Bh7 18. Nb3 Rae8 19. Nxd4 c6 20. Bb3 Qe7
21. c4 Qe5 22. Nc2 Qe7 23. Ne3 Qe5 24. Rb1 Kh8 25. Nc2 Rg8 26. Qe3 Qe7 27. Kh2 Nd7 28. a4 Qh4 29. Rf3 Nf6 30. Kg2 g6
31. Qf2 Qxf2+ 32. Rxf2 gxf5 33. Rxf5 Bxf5 34. exf5 Re7 35. Kf2 Rge8 36. Re1 Kg7 37. Rxe7 Rxe7 38. Nd4 Nd7 39. h4 Ne5 40. g5 f6
41. Ne6+ Kh7 42. g6+ Nxg6 43. fxg6+ Kxg6 44. c5 d5 45. Nf4+ Kf5 46. Kf3 Re1 47. d4 Re4 48. Bc2 h5 49. Bxe4+ dxe4+ 50. Ke3 Kg4
51. Kxe4 Kxh4 52. Kf5
1-0

[Event "Summertime Unity Tournament"]
[Site "SchemingMind.com"]
[Date "2016.08.12"]
[Round "-"]
[White "ray winteringham"]
[Black "Wojtek26"]
[Result "1-0"]
[WhiteCountry "ENG"]
[BlackCountry "POL"]
[WhiteElo "1490"]
[WhiteRD "52"]
[BlackElo "1571"]
[BlackRD "51"]
[GameID "402519"]

1. e4 e5 2. Nc3 Nf6 3. Nf3 Nc6 4. a3 Bc5 5. Nxe5 Nxe5 6. d4 Bxd4 7. Qxd4 Nc6 8. Qd1 O-O 9. Bd3 Re8 10. O-O d6
11. Be3 h6 12. Ne2 Bg4 13. f3 Bh5 14. Nf4 Bg6 15. Nxg6 fxg6 16. Qc1 Ne5 17. b4 Nxd3 18. cxd3 b6 19. Qc6 Qd7 20. Qxd7 Nxd7
21. d4 Nf6 22. d5 Rac8 23. Rac1 Nxd5 24. Bxh6 Ne3 25. Bxe3 d5 26. Bf4 dxe4 27. fxe4 Rxe4 28. Bxc7 Re3 29. Bf4 Rxa3 30. Rxc8+
1-0

[Event "Summertime Unity Tournament"]
[Site "SchemingMind.com"]
[Date "2016.08.12"]
[Round "-"]
[White "Wojtek26"]
[Black "ray winteringham"]
[Result "0-1"]
[WhiteCountry "POL"]
[BlackCountry "ENG"]
[WhiteElo "1469"]
[WhiteRD "44"]
[BlackElo "1507"]
[BlackRD "49"]
[GameID "402520"]

1. d4 Nf6 2. c4 g6 3. Nc3 Bg7 4. e3 d6 5. Nf3 Bg4 6. Be2 O-O 7. h3 Bxf3 8. Bxf3 c6 9. O-O Nbd7 10. a3 Rb8
11. b4 Qc7 12. Qc2 a6 13. Ne4 c5 14. bxc5 dxc5 15. d5 Nxe4 16. Bxe4 Bxa1 17. h4 h5 18. Bb2 Bxb2 19. Qxb2 Qe5 20. Qc2 Nf6
21. Bf3 b6 22. Be2 Kg7 23. Rb1 a5 24. Qd3 Rfd8 25. f4 Qc7 26. f5 Qg3 27. fxg6 fxg6 28. Rf1 b5 29. Rf3 Qxh4 30. Rh3 Qg5
31. Kh2 bxc4 32. Qxc4 Rxd5 33. Rg3 Qf5 34. Bf3 Re5 35. Qc3 Kh6 36. Qd2 Kg7 37. e4 Qe6 38. Qf4 Nxe4 39. Bxe4 Rxe4 40. Qxb8 Qf6
41. Qc7 c4 42. Qxa5 c3 43. Qxh5 Rh4+
0-1